01229nam a22001457a 4500003000900000005001700009008004100026040001300067100002400080245005400104260003700158300001900195490005400214520081500268IT-RoPau20220918181221.0140719b xxu||||| |||| 00| 0 eng d cIT-RoPau aSocietà San Paolo aStato personale paolino 2014bComunità e membri aRomabSSP Casa Generaliziac2014 a144 pp.c21 cm aSocietà San PaolovStato personale paolino 2014 aIndice Società San Paolo: fondazione, approvazione, statistiche Circoscrizioni e comunità paoline Governo Generale Case direttamente dipendenti dal Governo Generale: Casa Generalizia - Germania - Italia - Vaticano Province Provincia Argentina - Cile - Perù Provincia Brasile Provincia Colombia - Ecuador - Panamá Provincia Filippine - Macau Provincia Giappone Provincia India - Nigeria - Gran Bretagna - Irlanda Provincia Italia Provincia Messico Provincia Spagna Provincia Stati Uniti Regioni: Regione Australia Regione Canada - Francia Regione Congo Regione Corea Regione Polonia Regione Portogallo Regione Venezuela - Bolivia Elenco alfabetico dei membri professi Defunti della Società San Paolo a. Ordine Cronologico b. Ordine alfabetico c. Novizi defunti Elenco alfabetico delle comunità